Gaming Quiz

Random Gaming or Pokémon Quiz

Sporcle's Easiest Pokémon (per Generation) Quiz Stats

 Plays Quiz not verified by Sporcle

Score 0/35 Timer 06:00
0 Plays Today
Hint Answer % Correct
Generation IPikachu
100%
Generation ICharmander
96.9%
Generation ISquirtle
96.9%
Generation IBulbasaur
93.8%
Generation ICharizard
87.5%
Generation IIChikorita
84.4%
Generation IITotodile
84.4%
Generation IICyndaquil
84.4%
Generation IIIMudkip
84.4%
Generation IIITorchic
84.4%
Generation IIITreecko
84.4%
Generation IVPiplup
81.3%
Generation IIMeganium
78.1%
Generation IIIBlaziken
78.1%
Generation IVChimchar
78.1%
Generation VTepig
78.1%
Generation VIIRowlet
78.1%
Generation VIILitten
78.1%
Hint Answer % Correct
Generation IVTurtwig
75%
Generation VSnivy
75%
Generation VIGreninja
75%
Generation VIFroakie
75%
Generation VIIPopplio
75%
Generation IIBayleef
71.9%
Generation IVInfernape
71.9%
Generation VOshawott
71.9%
Generation VIChespin
71.9%
Generation VIFennekin
71.9%
Generation VSerperior
68.8%
Generation VIIIncineroar
68.8%
Generation IIISwampert
65.6%
Generation VEmboar
65.6%
Generation VIDelphox
65.6%
Generation IVEmpoleon
62.5%
Generation VIIDecidueye
62.5%

You're not logged in!

Compare scores with friends on all Sporcle quizzes.
OR
Log In

Sporcle TV

Today on Sporcle TV


Watch our educational content, quiz creation guides, and fun videos on Sporcle TV.

Show Comments

Extras

Top Quizzes Today


Score Distribution

Your Account Isn't Verified!

In order to create a playlist on Sporcle, you need to verify the email address you used during registration. Go to your Sporcle Settings to finish the process.

Report this User

Report this user for behavior that violates our Community Guidelines.

Details: